03900 2201909 4500001002100000005001500021035002000036008004100056245003800097100001900135250000600154260003200160300001200192020002200204084001400226082000800240650001400248990001200262990001200274990001200286990001200298990001200310990001200322990001200334990001200346990001200358990001200370990001200382990001200394990001200406990001200418990001200430990001200442990001200454990001200466990001200478990001200490990001200502990001200514990001200526990001200538990001200550990001200562990001200574990001200586990001200598990001200610990001200622990001200634990001200646990001200658990001200670990001200682990001200694990001200706990001200718990001200730990001200742990001200754990001200766990001200778990001200790990001200802990001200814990001200826990001200838990001200850990001200862990001200874990001200886990001200898990001200910990001200922990001200934990001200946990001200958990001200970990001200982990001200994990001201006990001201018990001201030990001201042990001201054990001201066990001201078990001201090990001201102990001201114990001201126990001201138990001201150990001201162990001201174990001201186990001201198990001201210990001201222990001201234990001201246990001201258990001201270990001201282990001201294990001201306990001201318990001201330990001201342990001201354990001201366990001201378990001201390990001201402990001201414990001201426990001201438990001201450990001201462990001201474990001201486990001201498990001201510990001201522990001201534990001201546990001201558990001201570990001201582990001201594990001201606990001201618990001201630990001201642990001201654990001201666990001201678990001201690990001201702990001201714990001201726990001201738990001201750990001201762990001201774990001201786990001201798990001201810990001201822990001201834990001201846990001201858990001201870990001201882990001201894990001201906990001201918990001201930990001201942990001201954990001201966990001201978INLIS00000000000138020240626094450 a0010-0624000012240626 0 ind 1 aEkonomi Kelas XI /cYeni Fitriani aFitriani, Yeni a1 aJakarta :bKEMDIKBUD,c2022 a210 hlm a978-602-244-851-8 a330 YEN e a330 4aNon Fiksi a0750685 a0750686 a0750687 a0750688 a0750689 a0750690 a0750691 a0750692 a0750693 a0750694 a0750695 a0750696 a0750697 a0750698 a0750699 a0750700 a0750701 a0750702 a0750703 a0750704 a0750705 a0750706 a0750707 a0750708 a0750709 a0750710 a0750711 a0750712 a0750713 a0750714 a0750715 a0750716 a0750717 a0750718 a0750719 a0750720 a0750721 a0750722 a0750723 a0750724 a0750725 a0750726 a0750727 a0750728 a0750729 a0750730 a0750731 a0750732 a0750733 a0750734 a0750735 a0750736 a0750737 a0750738 a0750739 a0750740 a0750741 a0750742 a0750743 a0750744 a0750745 a0750746 a0750747 a0750748 a0750749 a0750750 a0750751 a0750752 a0750753 a0750754 a0750755 a0750756 a0750757 a0750758 a0750759 a0750760 a0750761 a0750762 a0750763 a0750764 a0750765 a0750766 a0750767 a0750768 a0750769 a0750770 a0750771 a0750772 a0750773 a0750774 a0750775 a0750776 a0750777 a0750778 a0750779 a0750780 a0750781 a0750782 a0750783 a0750784 a0750785 a0750786 a0750787 a0750788 a0750789 a0750790 a0750791 a0750792 a0750793 a0750794 a0750795 a0750796 a0750797 a0750798 a0750799 a0750800 a0750801 a0750802 a0750803 a0750804 a0750805 a0750806 a0750807 a0750808 a0750809 a0750810 a0750811 a0750812 a0750813 a0750814 a0750815 a0750816 a0750817 a0750818 a0750819 a0750820 a0750821 a0750822 a0750823 a0750824 a0750825 a0750826 a0750827 a0750828